000 00617nam a2200229Ia 4500
003 OSt
005 20221007072038.0
006 a|||||r|||| 00| 0
007 ta
008 221006b |||||||| |||| 00| 0 eng d
024 _a13,145
037 _cTextual
040 _aFLL
_cFLL
_beng
041 _2eng
_aeng
082 _aV72:25:N5, K9
100 _aSchmeiser D.A.
_9689973
245 0 _aCivil liberties in Canada
260 _aLondon
_bOxford University Press London
_c1969
300 _axviii,302p
_ccm.
942 _hV72:25:N5, K9
_cTEXL
_2CC
999 _c1145079
_d1145079